LEADER 01009nam0-2200361---450 001 990005371910403321 005 20221108144112.0 035 $a000537191 035 $aFED01000537191 035 $a(Aleph)000537191FED01 035 $a000537191 100 $a19990604d1958----km-y0itay50------ba 101 1 $aita 102 $aIT 105 $af-------001yy 200 1 $aCreta Micene Troia$fFriedrich Matz 210 $aRoma$cPrimato$d[1958] 215 $a325 p., [115] c. di tav.$cill.$d27 cm 225 1 $a<>grandi civiltà del passato$v4 610 0 $aCiviltà cretese micenea 676 $a709.01 676 $a709.3 700 1$aMatz,$bFriedrich$f<1843-1874>$0120590 801 0$aIT$bUNINA$gRICA$2UNIMARC 901 $aBK 912 $a990005371910403321 952 $a709.3 MAT 1$bARCH. 9836$fFLFBC 952 $a709.3 MAT 1 (BIS)$bbibl.31606$fFLFBC 952 $a13110 GRA/4$b014308$fSES 959 $aFLFBC 959 $aSES 996 $aCreta Micene Troia$9594098 997 $aUNINA